Tareekh-e-Islam (Record no. 542196)
[ view plain ]
| 000 -LEADER | |
|---|---|
| fixed length control field | 00341nam a22001337a 4500 |
| 020 ## - INTERNATIONAL STANDARD BOOK NUMBER | |
| International Standard Book Number | 969-416-211-001 |
| 082 ## - DEWEY DECIMAL CLASSIFICATION NUMBER | |
| Classification number | 297.09 |
| Author Mark | NAD |
| -- | l31-p31 |
| 100 ## - MAIN ENTRY--PERSONAL NAME | |
| Personal name | Moeen-Ud-Din Nadvi |
| 9 (RLIN) | 37290 |
| 245 ## - TITLE STATEMENT | |
| Title | Tareekh-e-Islam |
| Statement of responsibility, etc. | Moeen-Ud-Din Nadvi |
| 300 ## - PHYSICAL DESCRIPTION | |
| Extent | 627 p. |
| 526 ## - STUDY PROGRAM INFORMATION NOTE | |
| Program name | 0 |
| Interest level | 0 |
| Reading level | 0 |
| Title point value | 297_090000000000000_NAD |
| 650 ## - SUBJECT ADDED ENTRY--TOPICAL TERM | |
| Topical term or geographic name entry element | MCE |
| 9 (RLIN) | 379 |
| 942 ## - ADDED ENTRY ELEMENTS (KOHA) | |
| Source of classification or shelving scheme | |
| Koha item type | Book |
| Withdrawn status | Lost status | Source of classification or shelving scheme | Damaged status | Not for loan | Permanent Location | Current Location | Date acquired | Total Checkouts | Full call number | Barcode | Date last seen | Date last checked out | Price effective from | Koha item type |
|---|---|---|---|---|---|---|---|---|---|---|---|---|---|---|
| Military College of Engineering (MCE) | Military College of Engineering (MCE) | 09/26/2013 | 1 | 297.09 NAD | MCE-9824 | 11/29/2017 | 01/28/2015 | 09/26/2013 | Book |
